Library Banner

Linear regression analysis (Record no. 64182)

MARC details
000 -LEADER
fixed length control field 00480nam a2200193Ia 4500
001 - CONTROL NUMBER
control field 63528
008 - FIXED-LENGTH DATA ELEMENTS--GENERAL INFORMATION
fixed length control field 150109s9999 xx 000 0 und d
020 ## - INTERNATIONAL STANDARD BOOK NUMBER
International Standard Book Number 978812654789
040 ## - CATALOGING SOURCE
Transcribing agency PK-LaUMT
082 ## - DEWEY DECIMAL CLASSIFICATION NUMBER
Classification number 519.536
Item number SEB-L
100 ## - MAIN ENTRY--PERSONAL NAME
Personal name Seber, George A.F.
245 ## - TITLE STATEMENT
Title Linear regression analysis
Statement of responsibility, etc Seber, George A.F.|Lee, Alan J
250 ## - EDITION STATEMENT
Edition statement 2nd
260 ## - PUBLICATION, DISTRIBUTION, ETC. (IMPRINT)
Place of publication, distribution, etc Delhi,India:
Name of publisher, distributor, etc Wiley India,
Date of publication, distribution, etc 2003
300 ## - PHYSICAL DESCRIPTION
Extent 557 p.
546 ## - LANGUAGE NOTE
Language note EN
700 ## - ADDED ENTRY--PERSONAL NAME
Personal name Lee, Alan J
942 ## - ADDED ENTRY ELEMENTS (KOHA)
Koha item type Books
Holdings
Withdrawn status Lost status Damaged status Not for loan Home library Current library Date acquired Total Checkouts Full call number Barcode Date last seen Price effective from Koha item type
        UMT Main Campus UMT Main Campus 2015-01-09   519.536 SEB-L 86723 2015-01-09 2015-01-09 Books